| 000 -LEADER |
| fixed length control field |
01375cam a2200313 a 4500 |
| 001 - CONTROL NUMBER |
| control field |
1686134 |
| 005 - DATE AND TIME OF LATEST TRANSACTION |
| control field |
20170121124933.0 |
| 008 - FIXED-LENGTH DATA ELEMENTS--GENERAL INFORMATION |
| fixed length control field |
990427s2000 caua b 001 0 eng |
| 010 ## - LIBRARY OF CONGRESS CONTROL NUMBER |
| LC control number |
99030614 |
| 020 ## - INTERNATIONAL STANDARD BOOK NUMBER |
| International Standard Book Number |
0767410238 |
| 050 00 - LIBRARY OF CONGRESS CALL NUMBER |
| Classification number |
GV363 .S5 2000 |
| 100 1# - MAIN ENTRY--PERSONAL NAME |
| Personal name |
Siedentop, Daryl. |
| 245 10 - TITLE STATEMENT |
| Title |
Developing teaching skills in physical education / |
| Statement of responsibility, etc. |
Daryl Siedentop, Deborah Tannehill. |
| 250 ## - EDITION STATEMENT |
| Edition statement |
4th ed. |
| 260 ## - PUBLICATION, DISTRIBUTION, ETC. (IMPRINT) |
| Place of publication, distribution, etc. |
Mountain View, Calif. : |
| Name of publisher, distributor, etc. |
Mayfield Pub. Co., |
| Date of publication, distribution, etc. |
c2000. |
| 300 ## - PHYSICAL DESCRIPTION |
| Extent |
xvii, 380 p. : |
| Other physical details |
ill. ; |
| Dimensions |
25 cm. |
| 504 ## - BIBLIOGRAPHY, ETC. NOTE |
| Bibliography, etc |
Includes bibliographical references (p. 353-368) and index. |
| 650 #0 - SUBJECT ADDED ENTRY--TOPICAL TERM |
| Topical term or geographic name as entry element |
Physical education teachers |
| General subdivision |
Training of |
| Geographic subdivision |
United States. |
| 650 #0 - SUBJECT ADDED ENTRY--TOPICAL TERM |
| Topical term or geographic name as entry element |
Physical education and training |
| General subdivision |
Curricula |
| Geographic subdivision |
United States. |
| 700 1# - ADDED ENTRY--PERSONAL NAME |
| Personal name |
Tannehill, Deborah. |
| 856 42 - ELECTRONIC LOCATION AND ACCESS |
| Materials specified |
Contributor biographical information |
| Uniform Resource Identifier |
<a href="http://www.loc.gov/catdir/enhancements/fy1012/99030614-b.html">http://www.loc.gov/catdir/enhancements/fy1012/99030614-b.html</a> |
| 856 42 - ELECTRONIC LOCATION AND ACCESS |
| Materials specified |
Publisher description |
| Uniform Resource Identifier |
<a href="http://www.loc.gov/catdir/enhancements/fy1012/99030614-d.html">http://www.loc.gov/catdir/enhancements/fy1012/99030614-d.html</a> |
| 856 41 - ELECTRONIC LOCATION AND ACCESS |
| Materials specified |
Table of contents only |
| Uniform Resource Identifier |
<a href="http://www.loc.gov/catdir/enhancements/fy1012/99030614-t.html">http://www.loc.gov/catdir/enhancements/fy1012/99030614-t.html</a> |
| 942 ## - ADDED ENTRY ELEMENTS (KOHA) |
| Source of classification or shelving scheme |
|
| Koha item type |
Hard Covered Materials |